Ancient Greece : (Record no. 201)

000 -LEADER
fixed length control field 01365cam a2200337 a 4500
003 - CONTROL NUMBER IDENTIFIER
control field ALUPE UNIVERSITY
005 - DATE AND TIME OF LATEST TRANSACTION
control field 20210609105332.0
008 - FIXED-LENGTH DATA ELEMENTS--GENERAL INFORMATION
fixed length control field 061122s2008 nyuabf b 001 0 eng
020 ## - INTERNATIONAL STANDARD BOOK NUMBER
International Standard Book Number 9780195308006
020 ## - INTERNATIONAL STANDARD BOOK NUMBER
International Standard Book Number 019530800X
040 ## - CATALOGING SOURCE
Transcribing agency DLC
043 ## - GEOGRAPHIC AREA CODE
Geographic area code e-gr---
050 00 - LIBRARY OF CONGRESS CALL NUMBER
Classification number DF77
Item number .A595 2008
245 00 - TITLE STATEMENT
Title Ancient Greece :
Remainder of title a political, social, and cultural history /
Statement of responsibility, etc. Sarah B. Pomeroy ... [et al.] ; art consultant, Beth Cohen.
250 ## - EDITION STATEMENT
Edition statement 2nd ed.
260 ## - PUBLICATION, DISTRIBUTION, ETC.
Place of publication, distribution, etc. New York :
Name of publisher, distributor, etc. Oxford University Press,
Date of publication, distribution, etc. 2008.
300 ## - PHYSICAL DESCRIPTION
Extent xxiv, 568 p., [8] p. of plates :
Other physical details ill. (some col.), maps ;
Dimensions 24 cm.
504 ## - BIBLIOGRAPHY, ETC. NOTE
Bibliography, etc. note Includes bibliographical references and index.
700 1# - ADDED ENTRY--PERSONAL NAME
Personal name Pomeroy, Sarah B.
856 41 - ELECTRONIC LOCATION AND ACCESS
Uniform Resource Identifier http://www.loc.gov/catdir/enhancements/fy0724/2006052530-t.html
856 42 - ELECTRONIC LOCATION AND ACCESS
Uniform Resource Identifier http://www.loc.gov/catdir/enhancements/fy0724/2006052530-d.html
906 ## - LOCAL DATA ELEMENT F, LDF (RLIN)
a 7
b cbc
c orignew
d 1
e ocip
f 20
g y-gencatlg
942 ## - ADDED ENTRY ELEMENTS (KOHA)
Source of classification or shelving scheme
Koha item type Book
Suppress in OPAC DO
Holdings
Withdrawn status Lost status Source of classification or shelving scheme Damaged status Not for loan Permanent Location Current Location Shelving location Date acquired Source of acquisition Full call number Barcode Date last seen Copy number Price effective from Koha item type Public note Total Checkouts
          AU LIBRARY AU LIBRARY Open Shelf 10.06.2021 DONATION FROM MOI UNIVERSITY DF77 .A595 2008 C1 28000072 10.06.2021 1 10.06.2021 Book DO  
          AU LIBRARY AU LIBRARY Open Shelf 10.06.2021 DONATION FROM MOI UNIVERSITY DF77 .A595 2008 C2 28001101 10.06.2021 2 10.06.2021 Book DO  
          AU LIBRARY AU LIBRARY Open Shelf 26.08.2021 DONATION FROM MOI UNIVERSITY DF77 .A595 2008 C3 28001090 26.08.2021 3 26.08.2021 Book SO  
          AU LIBRARY AU LIBRARY Open Shelf 17.03.2022 DONATION FROM MOI UNIVERSITY DF77 .A595 2008 C4 28005788 17.03.2022 4 17.03.2022 Book SM  

Powered by Koha